Affluent society (Record no. 119280)
[ view plain ]
| 000 -LEADER | |
|---|---|
| fixed length control field | 00835nam a2200265Ia 4500 |
| 003 - CONTROL NUMBER IDENTIFIER | |
| control field | OSt |
| 005 - DATE AND TIME OF LATEST TRANSACTION | |
| control field | 20221221165501.0 |
| 008 - FIXED-LENGTH DATA ELEMENTS--GENERAL INFORMATION | |
| fixed length control field | 210210b1958 xxu||||| |||| 00| 0 eng d |
| 040 ## - CATALOGING SOURCE | |
| Transcribing agency | AL |
| 041 ## - LANGUAGE CODE | |
| Language code of text/sound track or separate title | eng |
| 082 ## - DEWEY DECIMAL CLASSIFICATION NUMBER | |
| Classification number | 330/149 |
| 100 ## - MAIN ENTRY--PERSONAL NAME | |
| Personal name | John Kenneth Galbraith |
| 9 (RLIN) | 67388 |
| 245 ## - TITLE STATEMENT | |
| Title | Affluent society |
| 260 ## - PUBLICATION, DISTRIBUTION, ETC. | |
| Place of publication, distribution, etc. | Mumbai |
| Name of publisher, distributor, etc. | Asia Publishing House |
| Date of publication, distribution, etc. | 1958 |
| 300 ## - PHYSICAL DESCRIPTION | |
| Extent | xxx,287p. |
| Other physical details | HB |
| Dimensions | 21x14cm. |
| 520 ## - SUMMARY, ETC. | |
| Summary, etc. | A leading economist discusses his theories on social disequilibrium and suggests ways of restoring the economic balance.<br/> |
| 650 ## - SUBJECT ADDED ENTRY--TOPICAL TERM | |
| Topical term or geographic name entry element | Economics and the Tradition of Despair |
| 9 (RLIN) | 67389 |
| 650 ## - SUBJECT ADDED ENTRY--TOPICAL TERM | |
| Topical term or geographic name entry element | Economic Security |
| 9 (RLIN) | 67393 |
| 650 ## - SUBJECT ADDED ENTRY--TOPICAL TERM | |
| Topical term or geographic name entry element | Marxian Pall |
| 9 (RLIN) | 67394 |
| 650 ## - SUBJECT ADDED ENTRY--TOPICAL TERM | |
| Topical term or geographic name entry element | Monetary Illusion |
| 9 (RLIN) | 67395 |
| 690 ## - LOCAL SUBJECT ADDED ENTRY--TOPICAL TERM (OCLC, RLIN) | |
| Topical term or geographic name as entry element | Economics |
| 9 (RLIN) | 67391 |
| 700 ## - ADDED ENTRY--PERSONAL NAME | |
| Personal name | GALBRAITH (John Kenneth) |
| 9 (RLIN) | 67392 |
| 906 ## - LOCAL DATA ELEMENT F, LDF (RLIN) | |
| a | 003552 |
| 942 ## - ADDED ENTRY ELEMENTS (KOHA) | |
| Source of classification or shelving scheme | Dewey Decimal Classification |
| Koha item type | Book |
| Withdrawn status | Lost status | Damaged status | Not for loan | Collection code | Home library | Current library | Shelving location | Date acquired | Cost, normal purchase price | Total Checkouts | Full call number | Barcode | Date last seen | Price effective from | Koha item type | Source of classification or shelving scheme | Public note |
|---|---|---|---|---|---|---|---|---|---|---|---|---|---|---|---|---|---|
| St Aloysius Library | St Aloysius Library | 02/17/2021 | 0.00 | 330/149 | 003552 | 02/17/2021 | 02/17/2021 | Book | |||||||||
| Sociology | St Aloysius Library | St Aloysius Library | 12/03/2014 | 301 GALA | D05435 | 12/21/2022 | 12/21/2022 | Donated Books | Dewey Decimal Classification | Donated by V. T. Rajshekar |